| 000 | 00556cam a22002177a 4500 | ||
|---|---|---|---|
| 001 | 000556 | ||
| 003 | armpunfd | ||
| 005 | 20140612090613.0 | ||
| 008 | 011019e1968####xx#a##########000#0#und#d | ||
| 040 |
_aarmpunfd _carmpunfd |
||
| 080 | _a349.42 B 279 | ||
| 100 | 1 | 0 | _a Barry, Alfredo M. |
| 245 | 1 | 0 | _aLeyes agrarias |
| 260 |
_a Buenos Aires _b Plus Ultra _c1968 |
||
| 300 | _a2 v. | ||
| 650 | 7 |
_a Derecho Agrario _2LEMB |
|
| 650 | 7 |
_a Leyes _x Argentina _2LEMB |
|
| 942 |
_cLB _2cdu |
||
| 945 |
_aCatalis _d2010-08-19 |
||
| 945 |
_aCatalis _d2010-08-19 |
||
| 999 |
_c550 _d231054 |
||